000 00466nam a2200145 a 4500
001 000031137
005 20200930062728.0
008 110614s2001 dr 000 0 spa d
040 _aDO-SdBNP
_bspa
_cBNPHU
082 _axxxx
_bC973f
245 0 0 _aCuota femenina y voto preferencial. :
_bvista dede las mujeres de los partidos poĆ­ticos mayritarios y la sociedad civil.
260 _aSanto Domingo :
_bMediabyte,
_c2001.
300 _a52 p. ;
_c21 cm.
049 _aBNPHU
999 _c30629
_d30629